Score 0/20 Timer 05:00
3 Plays Today
Quote Movie % Correct
I'll be back.The Terminator
93.8%
Heeeere's Johnny!The Shining
91.5%
Oh, stewardess! I speak jive.Airplane!
87.9%
If you build it, he will come.Field of Dreams
81.8%
Say hello to my little friend!Scarface
80.9%
I'll have what she's having.When Harry Met Sally…
80.6%
We're on a mission from God.The Blues Brothers
78.6%
Snakes. Why'd it have to be snakes?Raiders of the Lost Ark
75.3%
I feel the need...the need for speed!Top Gun
74.6%
It's in the hole!Caddyshack
69.8%
Quote Movie % Correct
I'm not bad. I'm just drawn that way.Who Framed Roger Rabbit
69.1%
They're heee-re.Poltergeist
68.3%
Do, or do not. There is no try. Star Wars: Episode V - The Empire Strikes Back
65%
Gizmo Caca.Gremlins
63.7%
These go to eleven.This Is Spinal Tap
58%
I'm a ghost with the most, babe.Beetlejuice
42.8%
What's happenin', hot stuff?Sixteen Candles
38.5%
You sho' is ugly!The Color Purple
15.8%
Son, you got a panty on your head.Raising Arizona
14.7%
No. Be afraid. Be very afraid.The Fly
11.3%
Remove Ads.
Support Sporcle.
Get the best of Sporcle when you Go Orange. This ad-free experience offers more features, more stats, and more fun while also helping to support Sporcle. Thank you for becoming a member.

You're not logged in!

Compare scores with friends on all Sporcle quizzes.
OR
Log In

Show Comments

Extras

Top Quizzes Today


Score Distribution

Your Account Isn't Verified!

In order to create a playlist on Sporcle, you need to verify the email address you used during registration. Go to your Sporcle Settings to finish the process.

Report this User

Report this user for behavior that violates our Community Guidelines.

Details: